00308cam a22001097a 4500008004000000082001800040100001500058245006100073260002600134300001000160650002800170180718b1961 xxu||||| |||| 00| 0 eng d aT3103x54 J613 aJohn, V.K. aReady reference and guide to companies actcby V.K. John aMadrasbExpressc1961 a286p. aCorporation law - India